| 000 | 01419nam0a2200289 i 4500 | ||
|---|---|---|---|
| 001 | RU\NLR\bibl\2009763 | ||
| 005 | 20260426062925.0 | ||
| 010 |
_a9785867818906 _91000 |
||
| 021 |
_aRU _b2013-9778 _9703 |
||
| 035 | _a(NLR Aleph) 001998335 | ||
| 090 |
_a4323093 _c4323093 |
||
| 100 | _a20130312d2011 k y0rusy50 ca | ||
| 101 | 0 | _arus | |
| 102 | _aRU | ||
| 105 | _aa ||||||||| | ||
| 200 | 1 |
_aРеализация ценностного потенциала физической культуры в образовательном процессе детей дошкольного возраста _eмонография _fГ.Г. Попов _gМ-во образования и науки Рос. Федерации, ГОУ ВПО "Магнитогор. гос. ун-т" |
|
| 210 |
_aМагнитогорск _cИзд-во Магнитогорского государственного университета _d2011 |
||
| 215 |
_a201 с. _cил. _d21 |
||
| 320 | _aБиблиогр.: с. 151-174 (406 назв.) | ||
| 606 |
_aДошкольники _xФизическое воспитание _3RU\NLR\auth\66462627 _91157227 |
||
| 686 | _aЧ411.354 | ||
| 700 | 1 |
_4070 _8rus _7ca _aПопов _bГ. Г. _cканд. пед. наук _gГеннадий Григорьевич _3RU\NLR\auth\7754765 _937697 |
|
| 801 | 0 |
_aRU _bNLR _c20130312 _gRCR |
|
| 801 | 1 |
_aRU _bNLR _c20130312 |
|
| 942 | _cBOOK | ||
| 980 | _aNBR | ||